[Event "Olympiad-33"]
[Site "Elista"]
[Date "1998.10.03"]
[Round "5.1"]
[White "Bologan, Viktor"]
[Black "Fedorov, Alexei"]
[Result "1-0"]
[WhiteElo "2585"]
[BlackElo "2600"]
[Annotator "Rogozenco,D"]
[PlyCount "51"]
[EventDate "1998.09.29"]
[EventType "team-swiss"]
[EventRounds "13"]
[EventCountry "RUS"]
[SourceTitle "CBM 068"]
[Source "ChessBase"]
[SourceDate "1999.02.01"]
[SourceVersion "1"]
[SourceVersionDate "1999.02.01"]
[SourceQuality "1"]
[WhiteTeam "Moldova"]
[BlackTeam "Belarus"]
[WhiteTeamCountry "MDA"]
[BlackTeamCountry "BLR"]

{[%mdl 1]} 1. e4 {Schulz,A} c5 2. Nf3 d6 3. d4 cxd4 4. Nxd4 Nf6 5. Nc3 g6 6.
Be3 Bg7 7. f3 O-O 8. Qd2 Nc6 9. O-O-O Bd7 {Recently Black had serious problems
in the main line with 9. ... d5.} (9... d5 10. Qe1 e5 11. Nxc6 bxc6 12. exd5
Nxd5 13. Bc4 Be6 14. Ne4 Qc7 15. Bc5 Rfd8 16. g4 Nf4 17. Bxe6 Nxe6 18. Bd6 Qb6
19. Qc3 Nd4 20. Kb1 Nb5 21. Qb3 Nxd6 22. Nxd6 Qc7 23. Qb7 $1 {Bologan,
V-Rogozenko,D/1st Chebanenco mem 1998}) 10. g4 Ne5 (10... Rc8 11. h4 h5 12.
gxh5 Nxh5 13. Rg1 $14) 11. h4 b5 {Schulz,A: 'Die superbeschleunigte Version in
dieser für Schwarz doch sehr gefährlichen Variante.'} (11... h5 $142 {Is
probably more important to stop White´s attack first.}) (11... Rc8 {Schulz,A
ist üblich. Aber wenn der Se5 gar nicht nach c4 will (wegen Tempoverlust
gegenüber den 9.Lc4-Varianten) braucht der T auch nicht nach c8 (außer, er
wollte sich auf c3 opfern)}) 12. h5 $1 $146 {[%mdl 8] Reminding that Dragon
can be very dangerous for Black too.} (12. Bh6 Bxh6 13. Qxh6 b4 14. Nd5 Nxd5
15. exd5 f6 16. Kb1 Qa5 17. Nb3 Qc7 $13 {Yakovich,Y-Fedorov,A/Samara 1998}) (
12. Nd5 Nxd5 13. exd5 b4 {Loncar-Tiviakov/Montekatini 1994} 14. h5 $1 {With
the same position as in featured game.}) (12. Ncxb5 Rb8 $44) (12. Bxb5 $2 {
Schulz,A} Bxb5 (12... Rb8 $5) 13. Ncxb5 (13. Ndxb5 $2 Nxf3) 13... Nc4 14. Qe2
Nxe3 15. Qxe3 $17 {wäre ein großer Erfolg für Schwarz, der ohne vorhandenene
schwarzfeldrigen weißen Läufer kein Matt mehr befürchten muß.}) 12... b4 {
Schulz,A: 'Damit zwingt Schwarz den Weißen, ihm den wichtigen
Verteidigungsspringer f6 weg zu tauschen. In vielen anderen Varianten opfert
sich ein T auf c3, damit der Springer bloß nicht nach d5 zieht.'} (12... Nxf3
$6 13. Nxf3 Bxg4 14. Be2 b4 15. Nd5 Nxe4 16. Qxb4 Bf5 17. hxg6 $16 Rb8 $140 $2
18. Qxb8 Qxb8 19. Nxe7+ Kh8 20. Rxh7#) 13. Nd5 Nxd5 14. exd5 Qa5 {Black wins a
pawn, but it seems that White´s attack becomes unstoppable.} 15. Kb1 $16 Qxd5 {
Schulz,A: 'Soweit alles nach Plan. Schwarz hat einen Bauern gewonnen, steht
aber in wenigen Zügen wegen seiner geschwächten Königsstellung auf Verlust.'}
16. hxg6 (16. Nf5 {Schulz,A}) 16... fxg6 (16... hxg6 $2 {Schulz,A} 17. Nf5 $18)
17. Qh2 {Schulz,A: 'Das war's eigentlich schon. Weiß hat heftigen Angriff und
Schwarz hat einen Bauern auf b4. Es folgt noch ein kurzes Zucken und Ende. '}
h6 $2 {I think now Black is lost already.} (17... Kf7 {Looks ugly, but it
seems to be the only defence. White´s Knight on d4 is pinned, so there is
probably no direct win. However, Black´s position is very dangerous, of course.
} 18. Be2 Qa5 $16) 18. Be2 (18. Bxh6 $2 Nxf3) 18... Qf7 (18... Nf7 19. Nf5 Qe6
(19... Qe5 20. Qxe5 Nxe5 21. Nxe7+ (21. Nxg7 Nf7 $1 $16) 21... Kf7 22. Nd5 $18)
20. Nxh6+ Nxh6 21. Bxh6 Qf6 22. Bxg7 Qxg7 23. Bc4+ e6 24. Rxd6 $18) 19. Bxh6
Bxh6 (19... Rfc8 $142 $16) 20. Qxh6 Qg7 21. Qe3 {Now Black has problems with
the diagonal a2-g8 too.} (21. Qxg7+ $4 {Schulz,A} Kxg7 $11) 21... Rac8 (21...
g5 22. Rh5 Nf7 23. Qxe7 $18) 22. f4 $18 Nc4 (22... Nxg4 23. Qb3+ Qf7 (23... Rf7
24. Ne6 $18) 24. Qh3 $18) 23. Qb3 d5 24. Bf3 Rxf4 (24... e6 {Schulz,A} 25. f5
$18) 25. Bxd5+ Kf8 26. Ne6+ 1-0

[Event "Stockholm"]
[Site "Stockholm"]
[Date "2002.08.04"]
[Round "2"]
[White "De Firmian, Nick E"]
[Black "Ernst, Thomas"]
[Result "1-0"]
[WhiteElo "2551"]
[BlackElo "2462"]
[Annotator "Rogozenco,D"]
[PlyCount "55"]
[EventDate "2002.08.03"]
[EventType "tourn"]
[EventRounds "9"]
[EventCountry "SWE"]
[EventCategory "8"]
[SourceTitle "CBM 091"]
[Source "ChessBase"]
[SourceDate "2002.11.12"]
[SourceVersion "1"]
[SourceVersionDate "2002.11.12"]
[SourceQuality "1"]

1. e4 c5 2. Nf3 d6 3. d4 cxd4 4. Nxd4 Nf6 5. Nc3 g6 6. Be3 Bg7 7. f3 Nc6 8. Qd2
O-O 9. O-O-O d5 10. exd5 Nxd5 11. Nxc6 bxc6 12. Bd4 e5 13. Bc5 Re8 14. Ne4 f5 {
A dangerous line for Black.} 15. Nd6 Bf8 16. Bb5 $1 {Beliavsky's move, which
he played for the first time in 1993 against Khalifman, putted the whole line
14...f5 under a serious test.} Bd7 17. Ba4 $5 $146 {[%mdl 8] A novelty on move
17 might seem to be something normal, but in fact it is rather surprising in
Sicilian Dragon, especially in such a sharp variation like the present one. I
mean that the position after 16...Bd7 was tested several times on the high
level and one of the moves 17.Rhe1 or 17.c4 was considered obligatory. After
either of them Black was walking on the edge, but the arising positions looked
playable. The present game is just another prove how shaky is the theory
sometimes. Certainly 17.Ba4 does not win the game, but it is clear that after
17.Ba4 Black is confronted with (new) problems.} (17. Ba6 $5 {1-0 Dworakowska,
J-Macieja,B/Polanica Zdroj 1996(56)}) 17... e4 $6 (17... Bxd6 18. Bxd6 $16 e4
19. fxe4 fxe4 20. Rhe1 $16) (17... Qh4 18. Bb3 Bh6 (18... Be6 19. Bf2 $18) 19.
Be3 Bxe3 20. Qxe3 $16 {/+-}) (17... Re6 {The critical move for evaluation of
17.Ba4.} 18. c4 (18. Nb7 Qh4 {[%cal Gf8h6,Gh4a4]}) 18... Nf6 {A complicated
position. White has many possibilities, quiet moves like 19.Bb3 or 19.Rhe1,
but also a more forced 19.Nb7. For instance:} (18... Nb6 19. Bb3 $36 {[%cal
Gg2g4]}) 19. Nb7 Qc8 20. Bxf8 Qxf8 21. Qf2 Qb4 22. Nc5 Re7 23. Kb1 {White must
be better, since the immediate push of e-pawn doesn't work:} e4 $2 24. Nxd7 {
followed by Bxc6 and Bd5.}) 18. Bb3 $1 Bxd6 (18... Be6 19. Nxe8 Bxc5 20. fxe4
fxe4 21. Bxd5 Bxd5 (21... cxd5 22. Qc3 {[%cal Gc3c5,Gc3g7]} Bf8 23. Nf6+ Kf7
24. Rhf1 Bf5 25. Nxd5 $18) 22. Qc3 $16 {/+-}) 19. Bxd5+ cxd5 20. Qxd5+ Be6 21.
Qxd6 Qg5+ {Keeping queens is very dangerous for Black. On the other hand the
endgame was a tough fight for a draw in a much inferior endgame} (21... Qxd6
22. Rxd6 $16) 22. f4 Qxg2 23. Bd4 Rac8 24. c3 Qh3 $2 {One way or another Black
should have given the rook for White's dark-squared bishop. Leaving it on the
board and going for passive defence is hopeless.} (24... Rb8 25. c4 Rbc8 (25...
Bxc4 26. Qf6 $18) 26. c5 Rcd8 27. Qe5 Rxd4 28. Qxd4 Bxa2 $16) (24... Rcd8 25.
Qe5 Rxd4 26. Qxd4 (26. cxd4 $5) 26... Bxa2 $16) 25. Qe5 Qh6 26. Qh8+ Kf7 27.
Qf6+ Kg8 28. Be5 {White threatens 29.Rd6 and Black resigned. Not prematurely,
since White's control over dark squares is decisive.} (28. Be5 Rc6 {The only
move to prevent 29.Rd6.} 29. h4 (29. Rd8 {brings nothing:} Rxd8 30. Qxd8+ Qf8)
29... Rf8 30. Qe7 {and Black is almost in zugzwang.} Bf7 31. h5 $5 gxh5 32. Rd6
Rxd6 33. Bxd6 $18) 1-0

[Event "Bad Homburg"]
[Site "Bad Homburg"]
[Date "1997.07.28"]
[Round "3"]
[White "Svidler, Peter"]
[Black "Alterman, Boris"]
[Result "1/2-1/2"]
[WhiteElo "2660"]
[BlackElo "2615"]
[Annotator "Rogozenco,D"]
[PlyCount "71"]
[EventDate "1997.07.26"]
[EventType "tourn"]
[EventRounds "9"]
[EventCountry "GER"]
[EventCategory "14"]
[SourceTitle "CBM 060"]
[Source "ChessBase"]
[SourceDate "1997.09.29"]
[SourceVersion "1"]
[SourceVersionDate "1997.09.29"]
[SourceQuality "1"]

1. e4 c5 2. Nf3 d6 3. d4 cxd4 4. Nxd4 Nf6 5. Nc3 g6 6. Be3 Bg7 7. f3 Nc6 8. Qd2
O-O 9. O-O-O d5 10. Qe1 e5 11. Nxc6 bxc6 12. exd5 Nxd5 13. Bc4 Be6 14. Ne4 Qc7
15. Bc5 Rfd8 16. g4 (16. Ng5 Bh6 17. Qh4 Kg7 18. Bxd5 Bxg5+ $1 (18... cxd5 $2
19. Be3 $18) (18... f6 $2 19. Qxh6+ Kxh6 20. Nxe6 $18) 19. Qxg5 f6 $15 {
Luther-Rogozenko/Gelsenkirchen/1996}) (16. h4) (16. Qh4) 16... Nf4 17. Qc3 (17.
Bxe6 Nxe6 18. Bd6 Qb6 19. g5 $14 Nd4 (19... Rd7 20. h4 Rad8 21. h5 Nxg5 22.
Nxg5 Rxd6 23. Rxd6 Rxd6 24. Ne4 Rd7 25. h6 Bh8 26. Qe2 f5 27. Qc4+ Kf8 28. Nc5
Rd5 29. Qxd5 cxd5 30. Nd7+ {1-0 Beshukov,S-Olenin,N/RUS-Cup2 1996/EXP 56 (44)})
20. Rf1 Nf5 21. Bc5 Qa6 22. a3 Rd5 23. Qf2 Nd4 24. Bb4 Rb8 25. Kb1 c5 26. Nxc5
Rxc5 27. Bxc5 Qb5 28. Bxd4 exd4 29. b3 d3 30. Rxd3 Qe5 31. Kc1 {1-0 Dolmatov,
S-Ricardi,P/Buenos Aires Najdorf 1991/CBM 24 (35)}) 17... Bd5 {This looks more
natural than 17. ... Rd5.} (17... Rd5 18. Kb1 Rad8 19. Rxd5 cxd5 $13 {Xie Jun
Gufeld/Kuala Lumpur/1994}) 18. Kb1 (18. g5 Rd7 (18... Qc8 19. Be7 Qe6 20. Bxd8
Rxd8 21. Kb1 Rb8 22. Bxd5 cxd5 23. Nf6+ Bxf6 24. gxf6 Qxf6 25. Rhe1 Re8 26. Qc7
a6 27. Re3 Qf5 28. Qa5 Ng2 29. Rb3 {1-0 Pachmann,A-Zvara,P/Prague Bohemians
1995/EXT 95 (44)}) 19. h4 Rad8 $15) 18... Rd7 19. Bf2 h6 {Verwehrt dem Gegner
g5} 20. Bh4 Re8 21. a3 (21. Nf6+ Bxf6 22. Bxf6 Bxc4 23. Rxd7 (23. Qxc4 Rxd1+
24. Rxd1 Nd5 25. Bh4 Ne3) 23... Bxa2+ 24. Kxa2 Qxd7 25. Bxe5 Qd5+ $19) (21. Nc5
$6 Rd6) 21... Bxe4 22. fxe4 Rd4 $11 23. Bd3 Qb6 24. Rhf1 (24. Bf2 Rxd3 $19)
24... Nxd3 25. cxd3 Qb5 26. Rf2 (26. Bf6 c5 $5 27. Rc1 Bxf6 28. Rxf6 Rxd3 29.
Qxc5 Qxc5 30. Rxc5 Re7 $11) 26... Rb8 27. Rc2 {Greift den Isolani c6 an} Bf8
28. Bf2 (28. Qxc6 Qxc6 29. Rxc6 Bxa3 $15) 28... Ra4 29. Kc1 Rc8 30. Bc5 Bxc5
31. Qxc5 Qxc5 32. Rxc5 f6 33. Rd2 (33. h4 $5) 33... Kf7 34. Rdc2 Ra6 35. R2c3
Ke7 36. b4 1/2-1/2

[Event "Dortmund SuperGM 25th"]
[Site "Dortmund"]
[Date "1997.07.09"]
[Round "5"]
[White "Polgar, Judit"]
[Black "Anand, Viswanathan"]
[Result "1/2-1/2"]
[WhiteElo "2670"]
[BlackElo "2765"]
[Annotator "Rogozenco,D"]
[PlyCount "39"]
[EventDate "1997.07.04"]
[EventType "tourn"]
[EventRounds "9"]
[EventCountry "GER"]
[EventCategory "18"]
[SourceTitle "CBM 060"]
[Source "ChessBase"]
[SourceDate "1997.09.29"]
[SourceVersion "1"]
[SourceVersionDate "1997.09.29"]
[SourceQuality "1"]

1. e4 {Schulz,A} c5 2. Nf3 d6 3. d4 cxd4 4. Nxd4 Nf6 5. Nc3 g6 {Schulz: Oha!.
Anand spielt mit Schwarz die Drachenvariante.} 6. Be3 Bg7 7. f3 Nc6 8. Qd2 O-O
9. g4 Be6 ({Schulz: An dieser Stelle wurde auch schon gelegentlich das
spekulative Figurenopfer} 9... Nxg4 {Schulz,A gespielt.}) (9... h5 $5 {Schulz,A
}) (9... e6 {Schulz,A}) 10. O-O-O {This proved to be harmless. More ambitious
is 10.Ne6 with very sharp positions.} (10. Nxe6 fxe6 11. O-O-O (11. Bc4 d5 12.
exd5 Ne5 13. Be2 Nxd5 $11) 11... Ne5 12. Be2 Rc8 13. h4 Qa5 14. h5 $40 {
Kaidanov-Chow/Chicago/1995}) 10... Nxd4 (10... Ne5 11. h4 Bc4 12. Bh3 Ba6 13.
b3 Qa5 14. Kb1 Qa3 15. g5 Nh5 16. f4 Nc6 17. Bg4 Nb4 18. Bxh5 gxh5 19. Nf5 $16
{Anand-Mestel/London/1985}) 11. Bxd4 Qa5 12. a3 Rfc8 13. h4 Rab8 14. Kb1 (14.
Bh3 $2 Rc4 $15 {Kalinin-Dautov/Russia/1986}) (14. h5 b5 15. h6 b4 16. hxg7 bxa3
17. Nb5 Rxb5 18. Bxb5 Qxb5 19. bxa3 Qa4 $40 {Zude-Riemersma/Germany/1996})
14... b5 15. Nd5 {Schulz: Das spielt Weiß, wenn er remis will.} Qxd2 16. Rxd2
Nxd5 17. Bxg7 Ne3 $1 $11 (17... Kxg7 18. exd5 $14) 18. Bd4 Nxf1 19. Rxf1 a5 20.
e5 1/2-1/2

[Event "NED-ch52"]
[Site "Rotterdam"]
[Date "1997.07.01"]
[Round "9"]
[White "Van der Wiel, John"]
[Black "Riemersma, Liafbern"]
[Result "1-0"]
[WhiteElo "2555"]
[BlackElo "2435"]
[Annotator "Rogozenco,D"]
[PlyCount "81"]
[EventDate "1997.06.21"]
[EventType "tourn"]
[EventRounds "11"]
[EventCountry "NED"]
[EventCategory "12"]
[SourceTitle "CBM 060"]
[Source "ChessBase"]
[SourceDate "1997.09.29"]
[SourceVersion "1"]
[SourceVersionDate "1997.09.29"]
[SourceQuality "1"]

1. e4 {Schulz,A} c5 2. Nf3 d6 3. d4 cxd4 4. Nxd4 Nf6 5. Nc3 g6 6. Be3 Bg7 7. f3
Nc6 8. Qd2 O-O 9. O-O-O d5 10. exd5 Nxd5 11. Nxc6 bxc6 12. Bd4 e5 13. Bc5 Re8 {
Schulz: Dieser Zug führt für Schwarz in ein schlechteres Endspiel.} (13... Be6)
(13... Be6 {Schulz,A}) 14. Nxd5 (14. Ne4 f5 15. Nd6 Bf8 {Probably Black wanted
to reach this position; tnat`s the point of playing 13. ... Re8 instead of 13.
... Be6. To play it without deep analysis is very risky for both sides. But
after 13. ... Re8 White has the additional possibility to take the pawn on d5.
And although this seems to be drawish, it contains an attractive side: it`s
totally unrisky for White and Black has to play very precise to reach the draw.
}) ({Schlechter ist hier} 14. Ne4 {Schulz,A}) 14... cxd5 15. Qxd5 Qxd5 16. Rxd5
Be6 17. Rd6 (17. Rd3 Bf5 18. Rd5 Be6) 17... Bxa2 (17... Bf8 18. Rc6 Bd5 19. Rc7
Bh6+ 20. Kb1 e4 21. fxe4 Rxe4 22. Bd3 Rg4 23. b3 $16 {Sigurjonsson-Karlsson L./
Randers/1982}) 18. b4 (18. Bd3 $2 Bh6+ 19. Kd1 Rab8 20. b3 Rec8 21. Bxa7 Rb7
22. Bb6 Bxb3 23. Ke2 Bxc2 24. Ba6 Bb3 25. Bxb7 Rc2+ $19 {Wedberg-Kudrin/
Copenhagen/1983}) (18. b3 {This is harmless and allows Black to achieve draw
almost by force.} Rec8 19. Rd5 a5 20. Kb2 a4 21. Kxa2 axb3+ 22. Kxb3 Ra5 $11
23. Kb4 Raxc5 24. Rxc5 Bf8) 18... Bf8 (18... a5 {This looks more precise.} 19.
Bb5 Rec8 20. Bd7 Rc7 {with good drawing chances.} (20... Rc7 {Schulz,A} 21. Bb6
(21. Bc6 Rac8 22. b5 Bf8 23. Rhd1 Bxd6 24. Rxd6 Rb8 25. b6 (25. Bf2 Bc4 26. b6
Rcc8 27. Kb2 Be6 28. g4 g5 29. Ka3 Kg7 30. h3 h6 31. Bg1 Kf8 32. Bc5 Kg7 33.
Bf2 {1/2-1/2 Howell,J-Parker,J/Dublin zt 1993/EXP 34}) 25... Rcc8 26. Bf2 Be6
27. Be4 a4 28. b7 {1/2-1/2 Kruppa,Y-Tiviakov,S/URS-chJ Kherson 1991/EXP 21})
21... Rb7 22. bxa5 {1/2-1/2 Psakhis,L-Watson,W/Sochi 1988/TD 88\01})) 19. Ra6
$1 (19. Rc6 $2 e4 {with good counterplay Illescas-Georgiev Kir./Manila/1990})
19... Bxc5 20. bxc5 Be6 21. Bb5 $16 {White is clearly better due to the strong
c-pawn and more active position of his pieces. All this was played before and
this game only confirms the evaluation of the position.} Re7 (21... Rec8 22. c6
Rab8 {Kruppa-Sulipa/Lvov/1990} 23. c4 $16) 22. Rd1 Rc7 23. c6 Kf8 24. c4 Re8
25. Kb2 Bc8 26. Ra2 e4 27. fxe4 Rxe4 28. Kc3 Kg7 (28... Re3+ 29. Kb4 $16) (
28... Ke8 {Schulz,A} 29. Rda1 Ree7 30. Rxa7 Rxa7 31. c7+ Kf8 32. Rxa7 $18) (
28... Ke7 $5 {Schulz,A} 29. Rda1 (29. Rd7+ $6) 29... a6 30. Bxa6 Rxc6 31. Bb5)
29. Rd7 Bxd7 (29... Re7 30. Rxe7 (30. Re2 $1 {Schulz,A} Rxe2 31. Rxc7 Be6 32.
Re7 Z0 33. c7 $140 $18) 30... Rxe7 31. Rd2 Kf6 32. Kb4 $16) 30. cxd7 Rexc4+ 31.
Bxc4 Rxd7 32. Ra6 $18 h5 33. Bb5 Rd5 (33... Re7 34. Kd4 h4 35. h3 Kh6 36. Kd5
Kg5 37. Ra4 f5 38. Ra6 Re3 39. Rxa7 Kf4 40. Kd4 Rg3 41. Bc6 g5 42. Rf7 g4 43.
Bd7 $18) 34. Bc6 Rf5 35. Bf3 h4 36. h3 Kh6 37. Rxa7 Kg5 38. Kd3 Rf6 39. Ra5+
Kh6 40. Ra4 g5 41. Rc4 1-0

[Event "Budapest FS04 GM-A"]
[Site "Budapest"]
[Date "2002.04.14"]
[Round "13"]
[White "Nakamura, Hikaru"]
[Black "Rajlich, Vasik G"]
[Result "1-0"]
[WhiteElo "2466"]
[BlackElo "2377"]
[Annotator "Rogozenco,D"]
[PlyCount "83"]
[EventDate "2002.04.02"]
[EventType "tourn"]
[EventRounds "13"]
[EventCountry "HUN"]
[EventCategory "9"]
[SourceTitle "CBM 089"]
[Source "ChessBase"]
[SourceDate "2002.08.12"]
[SourceVersion "1"]
[SourceVersionDate "2002.08.12"]
[SourceQuality "1"]

1. e4 c5 2. Nf3 d6 3. d4 cxd4 4. Nxd4 Nf6 5. Nc3 g6 6. Be3 Bg7 7. f3 O-O 8. Qd2
Nc6 9. O-O-O Nxd4 10. Bxd4 Be6 11. Kb1 Qc7 12. g4 Rfc8 13. g5 {A line which
doesn't bring opening advantage. The game is a proof that sometimes one should
simply play the position, if understanding its subtleties. Even in an equal
position there are often ways to fight for advantage. Or the other way round -
it is very easy to spoil a good position if not being accustomed with typical
ideas.} Nh5 14. Bxg7 Nxg7 15. Nd5 Qd7 {All the recommendation of theory, which
more or less correctly evaluates the position as equal (but of course not
drawish). Black's play is connected with the pressure on the c-file and White
finds it often not so easy to protect pawn c2. For instance if he will play c3
later, then Black has additional motif to advance the b-pawn, not to mention
the weakness of the b1-h7 diagonal or second rank (after c2-c3). Also White
must be careful not to remain with the passive bishop versus knight, like in
the below given game Chandler-Watson. In my opinion the main feature of the
position is under which circumsances will Black take on d5. At one point Black
should trade the strong centralised knight, but like in the present game this
can be easily go wrong if connected with the inappropriate plan afterwards.}
16. Be2 (16. Nf4 $5 Rc5 17. Nxe6 fxe6 18. f4 Rf8 19. Bd3 a5 $13 {1-0 Oral,
T-Jirovsky,P/CZE 1993 (62)}) (16. c4 Rc5 17. Qd4 Rac8 18. Bd3 Bxd5 19. cxd5 e5
$1 $15 {and here the players agreed to a draw in Chandler,M-Watson,W/London
1990. White cannot take on e6 due to a loss of g5-pawn. After the next Ng7-h5
all Black pieces will come to the right squares.}) ({The next game is
important to understand better this type of positions.} 16. f4 b5 17. Be2 Rc5
18. Bf3 Rac8 19. Rc1 {First Black tied up White's pieces to protect weakness
on d2 and now it goes for the weakness on f4 and d5:} Bxd5 20. exd5 Qf5 21.
Rhf1 Nh5 $1 22. Bxh5 gxh5 $11 {In this position White quickly went down, which
proves that Black's position might even be slightly preferable.} 23. Rf2 Rxd5
24. Qe2 e6 25. Qxh5 Rd4 26. Qf3 d5 27. b3 b4 $1 28. Qe3 Re4 29. Qxa7 Rxf4 30.
Qb7 Rxf2 31. Qxc8+ Kg7 $17 {0-1 Morris,P-Hansen,S/Gausdal 1992 (44)}) 16... Rc5
17. f4 Bxd5 {Not a bad time for trade, but Black couldn't find a reasonable
follow up.} (17... Rac8 $5) (17... b5 {leads to the above given game Morris,
P-Hansen,S.}) 18. exd5 Qf5 (18... Rac8 19. Rc1 $140 Qf5 $36) 19. Rhg1 $1 {
As usual, after the trade on d5 White is trying to use the diagonal h3-c8 for
his bishop.} e6 $2 {A terrible positional mistake from several points of view.
The pawn on d5 is a weakness. Opening the center plays in White's favour as
well.} (19... Nh5 $1 {Is a typical way to increase the pressure on f4.} 20.
Bxh5 gxh5 $11 {[%csl Rc2,Rd5,Rf4][%cal Ga8c8]}) (19... Rac8 $2 20. Bg4 Qxc2+
21. Qxc2 Rxc2 22. Bxc8 Rxc8 23. Rc1 $18) 20. dxe6 Nxe6 21. Rgf1 $16 {[%csl Rd6]
Now Black is left with the weakness on d6. Also White has active plan to
advance f-pawn, while his bishop became considerable better after the
disappearance of d5-pawn.} Rac8 22. Bd3 Qg4 23. Qe3 a5 $2 24. Be4 {Wins a pawn.
} Rd8 25. h3 Qh4 26. Bd5 {A nice move. Before taking the pawn White forces the
rook to step away from protecting pawn d6.} (26. Bxb7 {This was also possible,
of course.}) 26... Re8 27. Bxb7 Nc7 28. Qf3 d5 29. f5 Qe4 (29... Qxg5 30. fxg6
fxg6 31. Qf7+ Kh8 32. Rfe1 $1 $16 {/+-}) 30. Qf2 Qe3 31. fxg6 Qxf2 32. gxh7+
Kxh7 33. Rxf2 $18 Kg6 34. Rf6+ Kxg5 35. Rc6 Rxc6 36. Bxc6 Rd8 37. c4 d4 38. Bd5
Nxd5 39. Rxd4 Nc3+ 40. bxc3 Rh8 41. h4+ Kf5 42. Kc2 1-0